| 000 | 00723nam a22002055i 4500 | ||
|---|---|---|---|
| 001 | 165432 | ||
| 003 | ES-MaACL | ||
| 005 | 20230906213133.0 | ||
| 008 | 010709s1897 fr af |||| | fre d | ||
| 040 |
_aCCPB | B _bspa _cCCPB | B |
||
| 100 | 1 |
_aSirot, A. _9132770 |
|
| 245 | 1 | 0 |
_aChemins de fer _b: construction et voie / _cpar A. Sirot. |
| 260 |
_aParis : _bP. Vicq-Dunod et Cie, _c1897. |
||
| 300 |
_a495 p., XII h. de grab. pleg. : _bil. ; _c19 cm. |
||
| 490 | 1 | _aBibliothèque du conducteur de travaux publics | |
| 650 | 4 |
_aFerrocarriles- _xDiseño y construcción. _9136098 |
|
| 830 | 0 |
_aBibliothèque du conducteur de travaux publics _9180955 |
|
| 852 |
_aES-MaACL _jF-2079 _z-- Enc. piel |
||
| 999 |
_c165432 _d165432 |
||